Score 0/18 Timer 02:00
0 Plays Today
Movie Title Missing Word % Correct
How the ____ Was WonWest
90.9%
True ____Grit
85.7%
She Wore a Yellow ____Ribbon
76.3%
The Man Who ____ Liberty ValanceShot
73.4%
____ BravoRio
64.9%
The High and the ____Mighty
64%
The Longest ____Day
58.2%
The ____ RobbersTrain
53.2%
The ____ of Katie ElderSons
48.5%
Movie Title Missing Word % Correct
____ of Iwo JimaSands
46%
The Green ____Berets
43.7%
North to ____Alaska
42%
Donovan's ____Reef
34.3%
The ____ ManQuiet
31.4%
____ Jim McClainBig
27.8%
The ____ SoldiersHorse
22.6%
The War ____Wagon
21%
The Wings of ____Eagles
19.6%

Today's Daily Dose

Remove Ads.
Support Sporcle.
Get the best of Sporcle when you Go Orange. This ad-free experience offers more features, more stats, and more fun while also helping to support Sporcle. Thank you for becoming a member.

You're not logged in!

Compare scores with friends on all Sporcle quizzes.
OR
Log In

Show Comments

Extras

Top Quizzes Today


Score Distribution

Your Account Isn't Verified!

In order to create a playlist on Sporcle, you need to verify the email address you used during registration. Go to your Sporcle Settings to finish the process.

Report this User

Report this user for behavior that violates our Community Guidelines.

Details: